1914 1453 1208 1217 1490 1869 1576 1007 1644 1740 1506 1564 1512 1526 1433 1447 1762 1862 1364 1012 1204 1775 1074 1393 1530 1668 1301 1354 1816 1933 1644 1596 1279 1375 1535 1499 1269 1521 1055 1061 1046 1622 1962 1160 1857 1024 1472 1906 1076 1396 1669 1351 1167 1282 1786 1809 1073 1179 1407 1811 1432 1764 1455 1656 1951 1143 1946 1558 1367 1336 1183 1984 1575 1290 1502 1245 1937 1838 1679 1924 1544 1250 1562 1603 1648 1080 1083 1088 1227 1640 1480 1663 1895 1808 1993 1204 1799 1027 1262 BCNSPRNW ULIB Ver.6.0+V

เปลี่ยนเป็นภาษาไทย

Change to English
 แสดงรายละเอียดบรรณานุกรม
  กลับหน้าหลัก

Brief Record : Get Marc (ISO 2709) : E-mail record : QR code < ปิดหน้าต่าง
LEADER : 00000nam 2200000uu 4500
001    13399123280
003     ULIB
008    140813s2557||||th 000 0 tha d
020    ^a9786161120245
060  4 ^aWA105^bศ159ร
100 0  ^aศรัณญา เบญจกุล
245 00 ^aรายงานการพยากรณ์โรคและภัยสุขภาพ :^bแนวโน้มการบริโภคยาสูบของประชากรไทย /^cโดย ศรัณญา เบญจกุล ... [และคนอื่นๆ]
260    ^aนนทบุรี :^bสำนักควบคุมการบริโภคยาสูบ กรมควบคุมโรค กระทรวงสาธารณสุข,^c2557
300    ^a64 หน้า :^bภาพประกอบ
650  7 ^aยาสูบ
650  7 ^aโรค^xการป้องกันและควบคุม
650  7 ^aการสูบบุหรี่
700 0  ^aมณฑา เก่งการพานิช
700 0  ^aธราดล เก่งการพานิช
700 0  ^aดุสิต สุจิรารัตน์
710 2  ^aกรมควบคุมโรค.^bสำนักควบคุมการบริโภคยาสูบ
945    ^p0^l0^i034584
945    ^p0^l0^i034585
945    ^p0^l0^i034586
945    ^p0^l0^i034587
999    ^aเกษร โพธิ์สุวรรณ
รายการนี้ยังไม่มีแท็ก
คุณยังไม่ได้ล็อกอิน คุณสามารถมีกิจกรรมร่วมกับเว็บไซต์ได้ แต่ต้องล็อกอินก่อน ::
  ล็อกอิน

รายการสื่อสารสนเทศ

ลำดับที่ ประเภท เลขเรียก/บาร์โค้ด สถานที่ สถานะ
1. วิทยาศาสตร์การแพทย์ และสุขภาพ
วิทยาศาสตร์การแพทย์ และสุขภาพ
สถานะ=หนังสือเก่า
WA105 ศ159ร ฉ.1 
  Barcode: 034584
ห้องสมุดวิทยาเขตสวรรค์ประชารักษ์
►ส่วนจัดเก็บหนังสือเก่า สปร
บนชั้น
  ขอยืม
2. วิทยาศาสตร์การแพทย์ และสุขภาพ
วิทยาศาสตร์การแพทย์ และสุขภาพ
สถานะ=หนังสือเก่า
WA105 ศ159ร ฉ.2 
  Barcode: 034585
ห้องสมุดวิทยาเขตสวรรค์ประชารักษ์
►ส่วนจัดเก็บหนังสือเก่า สปร
บนชั้น
  ขอยืม
3. วิทยาศาสตร์การแพทย์ และสุขภาพ
วิทยาศาสตร์การแพทย์ และสุขภาพ
สถานะ=หนังสือเก่า
WA105 ศ159ร ฉ.3 
  Barcode: 034586
ห้องสมุดวิทยาเขตสวรรค์ประชารักษ์
►ส่วนจัดเก็บหนังสือเก่า สปร
บนชั้น
  ขอยืม
4. วิทยาศาสตร์การแพทย์ และสุขภาพ
วิทยาศาสตร์การแพทย์ และสุขภาพ
สถานะ=หนังสือเก่า
WA105 ศ159ร ฉ.4 
  Barcode: 034587
ห้องสมุดวิทยาเขตสวรรค์ประชารักษ์
►ส่วนจัดเก็บหนังสือเก่า สปร
บนชั้น
  ขอยืม

รายการใกล้เคียง
    ผู้แต่ง [ศรัณญา เบญจกุล]

    หัวเรื่อง [ยาสูบ]
    หัวเรื่อง [การสูบบุหรี่]

BibComment


ยังไม่เคยถูกคอมเมนท์

คอมเมนท์ทรัพยากรรายการนี้
  คอมเมนท์: รายงานการพยากรณ์..


 Copyright 2026. Bcnsprnw @Library